[Event "RUS-CHN Summit Men 4th"]
[Site "Nizhnij Novgorod"]
[Date "2007.08.26"]
[Round "6"]
[White "Alekseev, Evgeny V"]
[Black "Zhang, Pengxiang"]
[Result "1-0"]
[WhiteElo "2689"]
[BlackElo "2649"]
[Annotator "Alekseev,E"]
[PlyCount "33"]
[EventDate "2007.08.20"]
[EventType "schev"]
[EventRounds "10"]
[EventCountry "RUS"]
[SourceTitle "CBM 120"]
[Source "ChessBase"]
[SourceDate "2007.10.02"]
[SourceVersion "1"]
[SourceVersionDate "2007.10.02"]
[SourceQuality "1"]

1. d4 d5 2. Nf3 c6 3. c4 dxc4 4. e3 Be6 {An interesting variation. Black wins
a pawn, but concedes the centre and falls behind in development. I understood
that my opponent had come to fight. Up to now, he had offered everybody a draw
at an early stage.} 5. Nc3 ({White has lost many a blitz game with} 5. Ng5 $4
Qa5+ $19) 5... Nf6 $6 {Played immediately.} ({I was surprised, since the main
line is considered to be} 5... b5 {This was recently played in a game Wang
Yue-Zhang Pengxiang, after which there followed} 6. Be2 Nf6 7. O-O g6 8. Ng5
Bc8 9. b3 {and White went on to win.}) 6. Ng5 Qc8 ({Theory considers that after
} 6... Bd5 7. e4 h6 8. exd5 hxg5 9. dxc6 Nxc6 10. d5 {White has the advantage.
Black instead defends his bishop. The idea seems to me to be dubious, but
after the game I discovered that the move has been played by Kasparov, which
means that things cannot be so simple.}) 7. a4 $1 {A standard, and very useful
move, in such positions.} a5 $2 {But this is already a serious mistake, losing
time. Interestingly, this was the first move of the game, over which Pengxiang
thought. It is here that our path deviates from that of Kasparov.} ({In the
game Korchnoi-Kasparov, played in a blitz tournament in 2006, Black played} 
7... g6 8. a5 Bg7 9. Nxe6 Qxe6 10. Ra4 Nbd7 11. Bxc4 Qd6 12. e4 ({stronger is} 
12. b3 {and Ba3.}) 12... e5 13. dxe5 {with a small advantage to White.}) 8. e4
{Now this advance is much stronger than one move ago. Despite the fact that
only a few moves have been played, Black has serious problems.} h6 ({For
example after} 8... g6 {there follows} 9. e5 Nd5 10. Nxe6 Qxe6 11. Bxc4 Nxc3
12. Qb3) 9. Nxe6 Qxe6 10. e5 Nbd7 11. Be2 Nd5 12. O-O N7b6 ({A tougher defence
was} 12... h5 {with the idea of 13.Bh5 Ne5! and suddenly White is in trouble.}
{Instead, stronger is} 13. Nxd5 cxd5 14. b3 c3 15. Ba3 {with a difficult
position for Black.}) {Now play transfers to the kingside, where the
light-squared bishop proves to be the boss.} 13. Bg4 Qg6 14. e6 {Such moves
are easy and also very enjoyable, to play. Black's bishop is buried for a long
time, and his position collapses. It seems that Pengxiang suddenly began to
realise how bad his position was, and he did not display the usual Chinese
stubbornness in defence.} Nf6 $6 ({Stronger was} 14... h5 15. Bh3 f6 {and at
least Black does not lose immediately.}) 15. Bh3 Qd3 ({More stubborn was} 15...
fxe6 16. Qe2 Rd8) 16. Qe1 $1 {No exchange! White has a decisive attack.} O-O-O
17. Qe5 $1 {The decisive blow. Everything is hanging.} 1-0

[Event "SRB-chT"]
[Site "Kragujevac"]
[Date "2016.09.25"]
[Round "4.3"]
[White "Atalik, Suat"]
[Black "Nikolic, Predrag"]
[Result "1/2-1/2"]
[WhiteElo "2544"]
[BlackElo "2622"]
[Annotator "Atalik,S"]
[PlyCount "20"]
[EventDate "2016.09.22"]
[EventType "team-tourn"]
[EventRounds "11"]
[EventCountry "SRB"]
[SourceTitle "CBM 175"]
[Source "ChessBase"]
[SourceDate "2016.11.10"]
[SourceVersion "1"]
[SourceVersionDate "2016.11.10"]
[SourceQuality "1"]
[WhiteTeam "Sloga Turist"]
[BlackTeam "Jugovic "]
[WhiteTeamCountry "SRB"]
[BlackTeamCountry "SRB"]

1. d4 d5 2. c4 dxc4 3. Nf3 Nf6 4. e3 {I somehow felt that Predrag would have
played QGA against me and prepared the old line but he had a surprise up to
his sleeve.} Bg4 5. Bxc4 e6 6. Nc3 Nbd7 7. h3 Bh5 8. O-O Bb4 $5 (8... Bd6 $2 9.
e4 e5 10. g4 Bg6 11. dxe5 Nxe5 12. Nxe5 Bxe5 13. f4 Qd4+ 14. Qxd4 Bxd4+ 15. Kh2
Bxc3 16. bxc3 Bxe4 17. g5 Bd5 18. Re1+ Kf8 19. Bb5 $3 {is my big time novelty
against IM Meins which practically gave me the first place in Bad Wiessee 2003.
Alas I see that it had already been played in Slovakian correspondence circles.
} (19. Ba3+ $2 Kg8 20. gxf6 Bxc4 $11) 19... a6 20. Ba4 b5 21. Ba3+ Kg8 22. gxf6
bxa4 23. Re5 $1 $18) 9. Be2 O-O 10. Bd2 c5 {I accepted Predrag's draw offer
and we called it a day.} (10... c5 11. a3 Bxc3 12. Bxc3 Ne4 13. Be1 $14)
1/2-1/2

[Event "American Continental 2nd"]
[Site "Buenos Aires"]
[Date "2003.08.27"]
[Round "9"]
[White "Gonzalez Garcia, Jose"]
[Black "Scarella, Enrique Alejandro"]
[Result "1-0"]
[WhiteElo "2429"]
[BlackElo "2374"]
[Annotator "Atlas,V"]
[PlyCount "67"]
[EventDate "2003.08.17"]
[EventType "swiss"]
[EventRounds "11"]
[EventCountry "ARG"]
[SourceTitle "CBM 097"]
[Source "ChessBase"]
[SourceDate "2003.11.11"]
[SourceVersion "1"]
[SourceVersionDate "2003.11.11"]
[SourceQuality "1"]

1. d4 d5 2. c4 dxc4 3. Nf3 Nf6 4. e3 Bg4 5. Bxc4 e6 6. Qb3 Bxf3 7. gxf3 Nbd7 8.
Nc3 Nb6 9. Be2 Be7 10. Bd2 O-O 11. Ne4 a5 12. a3 a4 13. Qc2 c6 14. O-O Qd5 15.
Kh1 Nfd7 16. Rg1 c5 17. dxc5 Nxc5 18. Bb4 Nxe4 19. fxe4 Qd8 20. Rad1 Qe8 $2 ({
This move allows White to decide the game by a nice combination. Essential was
Dieser Zug gestattet Weiß, die Partie mit einer hübschen Kombination zu
beenden. Erforderlich war} 20... Qc8 {, although White keeps a lasting
advantage after wenngleich Weiß auch dann anhaltenden Vorteil behält:} 21. Qxc8
Nxc8 22. Bc3 g6 23. Rd7) 21. Qc7 $1 Bxb4 (21... Nc8 {fails to scheitert an} 22.
Qe5 {, winning. mit Gewinn.}) {[%tqu "En","How should White continue his
attack?","Try to disclose the enemy king.","Sacrifice your rook!","g1g7","This
rook sacrifice spells a quick end for Black.",5,"De","Wie soll Weiß seinen
Angriff fortsetzen?","Versuchen Sie, den feindlichen König zu entblößen.",
"Opfern Sie den Turm!","g1g7","Nach diesem Turmopfer geht es mit Schwarz
schnell zu Ende.",5]} 22. Rxg7+ {[%csl Gc7,Gd1,Gg7,Rg8][%cal Gd1g1,Gc7g3]
After this powerful blow Black is doomed. Nach diesem Kraftzug ist Schwarz
verloren.} Kh8 ({The rook is invulnerable: Der Turm ist tabu:} 22... Kxg7 23.
Rg1+ Kh8 (23... Kf6 24. e5+ Kf5 25. Bd3#) (23... Kh6 24. Qf4#) 24. Qg3 {
, with inevitable mate. mit unvermeidlichem Matt.}) 23. Qe5 $1 {The strongest
continuation. Die stärkste Fortsetzung.} f6 24. Qc7 Be7 25. Rxe7 Qg6 26. Qxb6
Rg8 {Black's position is absolutely hopeless. Die schwarze Stellung ist
absolut hoffnungslos.} 27. Bf3 {The rest needs no comments. Der Rest bedarf
keines Kommentars.} Ra6 28. Qc7 e5 29. Qxb7 Raa8 30. Qd7 Rab8 31. Qf5 Qxf5 32.
exf5 Rxb2 33. Bd5 Rd8 34. Kg2 1-0

[Event "URS-ch46 First League"]
[Site "Ashkhabad"]
[Date "1978.??.??"]
[Round "6"]
[White "Savon, Vladimir A"]
[Black "Mikhalchishin, Adrian"]
[Result "1/2-1/2"]
[WhiteElo "2560"]
[BlackElo "2460"]
[Annotator "Bulletin"]
[PlyCount "26"]
[EventDate "1978.10.??"]
[EventType "tourn"]
[EventRounds "17"]
[EventCountry "URS"]
[EventCategory "10"]
[SourceTitle "MCL"]
[Source "ChessBase"]
[SourceDate "1999.07.01"]
[SourceVersion "1"]
[SourceVersionDate "1999.07.01"]
[SourceQuality "1"]

1. d4 d5 2. c4 dxc4 3. Nf3 Nf6 4. e3 Bg4 5. Bxc4 e6 6. Nc3 Nbd7 7. Be2 Bd6 8.
h3 Bh5 9. e4 (9. O-O O-O 10. e4 e5 11. dxe5 Nxe5 12. Nd4 Bc5 $1 13. Nb3 Bxe2
14. Qxe2 Bb4 15. Rd1 Qe8 16. Bg5 Bxc3 17. bxc3 Ned7 $13) 9... Bb4 $1 10. Bg5 h6
11. Bxf6 Bxc3+ 12. bxc3 Nxf6 13. Ne5 Bxe2 1/2-1/2

[Event "Bugojno"]
[Site "Bugojno"]
[Date "1978.03.07"]
[Round "9"]
[White "Gligoric, Svetozar"]
[Black "Miles, Anthony John"]
[Result "0-1"]
[WhiteElo "2565"]
[BlackElo "2565"]
[Annotator "Bulletin"]
[PlyCount "89"]
[EventDate "1978.02.27"]
[EventType "tourn"]
[EventRounds "15"]
[EventCountry "YUG"]
[EventCategory "14"]
[SourceTitle "MCL"]
[Source "ChessBase"]
[SourceDate "1999.07.01"]
[SourceVersion "1"]
[SourceVersionDate "1999.07.01"]
[SourceQuality "1"]

1. d4 d5 2. c4 dxc4 3. Nf3 Nf6 4. e3 Bg4 5. Bxc4 e6 6. Nc3 (6. h3 Bh5 7. Nc3
Nbd7 8. Be2 Bd6 9. e4 Bb4 10. e5 Nd5 11. Qb3 c5 12. O-O Bxc3 13. bxc3 Qb6 $1
$10 {Gligoric-Matulovic, Novi Sad 1976}) 6... Nbd7 7. Be2 Bd6 8. e4 Bb4 (8...
e5) (8... Bxf3 9. Bxf3 e5) 9. Bg5 h6 (9... c5 $2 10. e5 $16) 10. Bxf6 Bxc3+ (
10... Qxf6 $2 11. Qa4) 11. bxc3 Nxf6 12. Ne5 Bxe2 13. Qxe2 O-O 14. O-O c5 $15
15. Rad1 (15. dxc5 Qa5 16. Qe3 (16. Nd3 Rfd8 $15) 16... Rac8 17. Nd3 Qxc3 $17)
(15. Rfd1) (15. Nf3) 15... cxd4 16. cxd4 Rc8 17. Rd3 Qa5 18. Rg3 Rc3 19. Nd3 (
19. Qd2 $2 Nxe4) (19. Qe1 Rfc8 {/\..Ra3}) 19... Rd8 20. Qe3 Ne8 $19 (20... Kf8
21. e5 Nd5 22. Qe4 Ne7 {/\..Nf5}) 21. d5 (21. Qxh6 Rxd3) 21... exd5 22. e5 d4
23. Qe2 Qa6 24. f4 f5 $1 25. exf6 Qxf6 26. f5 Qf7 27. Qd2 (27. Ne5 Qd5 28. f6
Nxf6 $1) 27... Nf6 28. Re1 Re8 29. Ne5 Qd5 30. Ng4 (30. Rxc3 dxc3 31. Qxc3 Qxa2
$19 (31... Ne4 32. Qc4 Rxe5 33. Rxe4 Qxc4 34. Rxc4 Rxf5 $19)) 30... Rxe1+ 31.
Qxe1 Ne4 32. Nxh6+ Kh7 33. Rg4 d3 $1 34. Qxe4 Qxe4 35. Rxe4 d2 36. Rd4 Rc1+ 37.
Kf2 d1=Q 38. Rxd1 Rxd1 39. Nf7 Rd2+ 40. Kf3 Rxa2 41. h4 a5 42. Nd6 a4 43. g4 a3
44. g5 Rd2 45. Ne4 0-1

[Event "Montreal International"]
[Site "Montreal"]
[Date "1979.04.27"]
[Round "12"]
[White "Hort, Vlastimil"]
[Black "Kavalek, Lubomir"]
[Result "1/2-1/2"]
[WhiteElo "2600"]
[BlackElo "2590"]
[Annotator "ChessBase"]
[PlyCount "35"]
[EventDate "1979.04.11"]
[EventType "tourn"]
[EventRounds "18"]
[EventCountry "CAN"]
[EventCategory "15"]
[SourceTitle "MCL"]
[Source "ChessBase"]
[SourceDate "1999.07.01"]
[SourceVersion "1"]
[SourceVersionDate "1999.07.01"]
[SourceQuality "1"]

1. Nf3 d5 2. d4 Nf6 3. c4 dxc4 4. e3 Bg4 5. Bxc4 e6 6. h3 Bh5 7. Nc3 Nbd7 8.
Be2 Bd6 9. O-O O-O 10. e4 e5 11. dxe5 Nxe5 12. Nd4 Bc5 13. Nb3 (13. Bxh5 Bxd4
14. Nd5 c5 $10 {Huebner,R-Miles,A/Wijk/1979/1/2-1/2/41/}) 13... Qxd1 14. Bxd1
Bb6 (14... Bxd1 $2 15. Nxc5 $1 Bc2 16. Bg5 b6 17. Bxf6 gxf6 18. Rfc1 $16 {
Farago,I-Hogueiras,J/Kecskemet/1979/1-0/50/}) 15. a4 Bxd1 16. Rxd1 a5 (16... c6
$2 17. a5 Bc7 18. f4 $16 {Portisch,L-Miles,A/Lone Pine/1978/1-0/}) 17. Bg5 c6
18. Kf1 (18. Kf1 Rfd8 19. Ke2 Nc4 {Andersson,U-Miles,A/Wijk/1979/1/2-1/2/})
1/2-1/2

[Event "Al Ain op 4th"]
[Site "Al Ain"]
[Date "2015.12.29"]
[Round "8"]
[White "Petrosyan, Tigran S"]
[Black "Edouard, Romain"]
[Result "1/2-1/2"]
[WhiteElo "2469"]
[BlackElo "2627"]
[Annotator "Edouard,R"]
[PlyCount "107"]
[EventDate "2015.12.23"]
[EventType "swiss"]
[EventRounds "9"]
[EventCountry "UAE"]
[SourceTitle "CBM 170"]
[Source "ChessBase"]
[SourceDate "2016.01.15"]
[SourceVersion "1"]
[SourceVersionDate "2016.01.15"]
[SourceQuality "1"]

1. Nf3 d5 2. d4 Nf6 3. c4 dxc4 4. e3 Bg4 5. Bxc4 e6 6. h3 Bh5 7. g4 $5 {
One of the critical lines.} Bg6 8. Ne5 Nbd7 9. Nxg6 hxg6 10. Qf3 (10. Nc3 {
could be a better move order, with the idea} c5 $6 11. g5 {and Black has
problems.}) 10... c6 $6 (10... c5 $1 {was the correct and obvious answer:} 11.
Nc3 (11. Qxb7 $6 cxd4 12. exd4 Rb8 13. Qf3 Qb6 $44) 11... cxd4 12. exd4 Rc8 $11
) 11. Nc3 Bb4 12. Bd2 Qe7 $6 (12... Nb6 {would have been much smarter with the
idea that after} 13. Bb3 (13. Be2 Qe7 14. a3 Bxc3 15. Bxc3 Nbd5 $13) 13... Qe7
14. a3 Ba5 {White cannot push b4 and Black wants to go for example ...Nbd5.})
13. a3 Ba5 14. b4 Bb6 15. Kf1 {Now there is just no good place for the black
king.} (15. b5 c5 $132) 15... Nd5 16. Kg2 g5 $6 (16... a6 {woud be a better
move.}) 17. b5 Bc7 18. bxc6 bxc6 19. e4 $6 (19. Nxd5 cxd5 20. Bb4 {would be
terribly annoying as} Bd6 $2 {is met by} 21. Bxd5 $1 $18) (19. Rac1 {would
also be very strong.}) 19... Nxc3 $6 (19... Nf4+ 20. Bxf4 gxf4 {with the idea}
(20... Bxf4 $2 21. h4 $16) 21. e5 O-O 22. Qxf4 c5 23. Nb5 cxd4 $1 24. Nxc7 Rac8
{was probably the only way not to be objectively lost.}) 20. Bxc3 $6 (20. Qxc3
{with the idea} O-O $2 21. h4 gxh4 22. g5 $18 {was probably terribly annoying.}
) 20... O-O 21. Bd2 Bf4 {The best practical chance.} (21... c5 22. h4 gxh4 23.
g5 $18) (21... g6 {was the only afternative but after} 22. h4 gxh4 23. g5 Kg7
24. Rxh4 (24. e5 Rh8 25. Qf6+ Qxf6 26. gxf6+ Kf8 27. Rac1 {did not appeal to
me either}) 24... Rh8 25. Rh6 {Black's position looks awful.} (25. Rah1 Rxh4
26. Rxh4 Rh8 27. Rxh8 Kxh8 {is not much fun either but kind of playable.})) 22.
Bxf4 gxf4 23. Qxf4 e5 24. dxe5 (24. Qe3 {was worrying me a bit more but after}
exd4 25. Qxd4 Ne5 {with the idea} 26. f4 Nxc4 27. Qxc4 Rad8 {the position is
not so clear.}) 24... Nxe5 25. Rac1 Rab8 26. h4 $2 (26. Rc2 {was necessary.
Black can play something like} g5 27. Qe3 Ng6 {but there is not full
compensation.}) 26... Rb2 {Suddenly White is getting into problems.} 27. Qg5 $8
(27. h5 Rd8 {with the idea ...Rdd2 may quickly become terrible for Black.})
27... Qxg5 ({I first thought} 27... Qc5 {was winning but White has} 28. Qf5 {
and the position is kind of a draw:} (28. Bxf7+ $4 Rxf7 29. Rxc5 Rfxf2+ $19)
28... Qd4 29. Rhd1 Qe3 30. Rf1 Qd4 $11) 28. hxg5 Rd8 29. g6 $8 Nxg6 30. Kg3
Rdd2 (30... Rd4 31. Rhd1 Rxe4 $2 32. Rd8+ Nf8 33. Rc8 $14) 31. Rhf1 $6 (31.
Rhd1 $1 Rxf2 32. Rd8+ Nf8 33. e5 {followed by e6 should just be a draw.}) 31...
Kf8 $1 (31... Ne5 32. Kf4 $1 Nxc4 33. Rxc4 Rxf2+ 34. Rxf2 Rxf2+ 35. Ke3 Rb2 36.
Rxc6 Rb3+ 37. Kf4 Rxa3 38. e5 {is just a draw.}) 32. Rb1 Rbc2 $1 (32... Ne5 33.
Rxb2 Rxb2 34. Rc1 g5 35. f4 gxf4+ 36. Kxf4 f6 37. g5 Rf2+ 38. Ke3 Rf3+ 39. Kd4
$11) 33. Rb8+ Ke7 34. Rb7+ Kd6 $2 (34... Rd7 {was definitely the way, but I
thought keeping both rooks was smarter:} 35. Rxd7+ Kxd7 36. Bxf7 Rc3+ 37. f3
Ne5 38. Bg8 g5 $17) 35. Bxf7 Rc3+ 36. f3 Ne5 37. g5 Rxa3 38. Be8 (38. Bh5 g6
39. Bg4 Raa2 40. Rb8 {is also kind of a draw.}) 38... g6 (38... Rdd3 39. Rxg7
Rxf3+ (39... Nxf3 $4 40. Rd7+ $18) 40. Rxf3 Rxf3+ $11) 39. Rg7 Raa2 $4 {
Going crazy in a time trouble after noticing that 39...Rdd3 40.Bxg6 Nxf3 was
met by 41.e5+.} (39... Rdd3 40. Bxg6 Rxf3+ (40... Nxf3 $4 41. e5+ $18) 41. Rxf3
Rxf3+ $11) 40. Bxg6 Rg2+ 41. Kf4 Nd3+ 42. Kf5 {Oops, the g6-pawn is gone and
that square is available!} c5 (42... Ra5+ 43. Kf6 Raxg5 44. Rd1 $18) 43. Rg8 $2
(43. f4 {was the cleanest win:} Raf2 44. e5+ Kd5 (44... Nxe5 45. Rd1+ $18) 45.
Rxf2 Rxf2 46. Rd7+ Kc4 47. Rxd3 Kxd3 48. e6 $18) 43... c4 44. Rc8 $4 {
Returning the compliment.} (44. Rd8+ Kc7 45. Rd5 $18) 44... Ra5+ 45. Kf6 Raxg5
(45... Kd7 {is also a draw.}) 46. Bf5 Rg8 47. e5+ Nxe5 48. Rd1+ Nd3 49. Bxd3
Rxc8 50. Bf1+ Kc5 51. Bxg2 c3 52. Ke5 (52. f4 c2 53. Rc1 Kd4 54. Bh3 Rf8+ $11)
52... Re8+ 53. Kf4 Kb4 54. Rb1+ (54. Bh3 c2 55. Rc1 Kb3 56. Bf5 Rf8 57. Kg5
Rxf5+ 58. Kxf5 Kb2 59. Rxc2+ Kxc2 60. f4 a5 $11) 1/2-1/2